000 00588 a2200217 4500
005 20260317125844.0
008 260316b |||||||| |||| 00| 0 eng d
020 _a9781266124983
_c£ 56.99
040 _aMAIN
082 _a658.8
_bC164E(18)
100 _aCannon, Joseph P
245 _aEssentials of marketing: A marketing strategy planning approach
250 _a18th
260 _bMcGraw Hill
_c2024
_aNew York
300 _axxxiv, 796
650 _aManagement
650 _aMarketing
700 _aPerreault, William D
700 _aMcCarthy, E Jerome, ed.
942 _cBK
999 _c396956
_d396956